MRT Stops in Singapore - Statistics

General Stats
  • This quiz has been taken 119 times
  • The average score is 8 of 9
Answers on the Grid
Answers color-coded by a green-red scale on the quiz's grid according to % correct below.
Pasir Ris
Oxley
Tampines
Sentosa
Ang Mo Kio
Pulau Ubin
Pulau Tekong
St John Island
Sembawang
Buona Vista
Bedok
Central View
ACS Junior
ACS Primary
Chinese Garden
Boon Lay
Redhill
Pasir Ris Park
 
Answer Stats
Answer % Correct
Pasir Ris
98%
Ang Mo Kio
89%
Sembawang
86%
Buona Vista
84%
Tampines
84%
Bedok
82%
Boon Lay
82%
Redhill
82%
Chinese Garden
80%
No matching quizzes found
Score Distribution
Percent of People with Each Score
Percentile by Number Answered
Your Score History
You have not taken this quiz